000 00949cab a22002055a 4500
001 L147720
008 090608e20090605xxko f 000 0 eng d
035 _a(Sirsi) u147720
041 0 _aeng
100 1 _aUnger, Paul
245 0 0 _aRegional report
_bLancashire and Cumbria
260 _c2009
490 0 _aProperty Week
_v75(23) 5 June 2009, 89-97(4)
520 _aProvides an overview of commercial property activity across the two counties in the office, residential, leisure, industrial and regeneration sectors. Highlights the solid performance of the 46 000 acre Duchy of Lancaster estate. Reports on the launch later in 2009 of the Pennine Lancashire Development Company, a new agency backed by public money and designed to bring forward housing and employment sites in East Lancashire.
590 _aKA
651 4 _aLancashire
651 4 _aCumbria
690 _aPROPERTY-COMMERCIAL PROPERTY-COMMERCIAL PROPERTY MARKET
942 _n0
999 _c81620
_d81620